| 000 | 00752nam a22002177a 4500 | ||
|---|---|---|---|
| 003 | OSt | ||
| 005 | 20260212124047.0 | ||
| 008 | 160219b xxu||||| |||| 00| 0 eng d | ||
| 020 | _a05-695-2003-1 | ||
| 024 | _205-695-2003-1 | ||
| 040 | _cLahore University of Management Sciences | ||
| 082 | _a174.4 LUM 2003 | ||
| 100 |
_aZafar I Qureshi _9133165 |
||
| 245 |
_aRECRAFTING IUCN - ASIA REGIONAL ORGANIZATION _c Zafar I Qureshi |
||
| 260 |
_bLahore University of Management Sciences _c2003 |
||
| 300 |
_a21 p. _bPapers |
||
| 440 |
_aRECRAFTING IUCN - ASIA REGIONAL ORGANIZATION _9133168 |
||
| 590 | _6http://10.250.8.41:8080/xmlui/handle/123456789/56740 | ||
| 856 | _uhttp://10.250.8.41:8080/xmlui/handle/123456789/56740 | ||
| 942 |
_2ddc _cCS |
||
| 999 |
_c351165 _d351165 |
||